George /

George ha un segreto, un segreto tutto suo che non ha ancora svelato a nessuno: anche se gli altri quando lo guardano vedono un bambino, da tempo George sente di essere una bambina, Melissa. Quando a scuola iniziano i preparativi per la recita di fine anno tratta da La tela di Carlotta, George decid...

Täydet tiedot

Tallennettuna:
Bibliografiset tiedot
Päätekijä: Gino, Alex (Tekijä)
Muut tekijät: Colombo, Matteo, (1977- ) (Kääntäjä)
Aineistotyyppi: Kirja
Kieli:italia
Julkaistu: Milano : Mondadori, 2015
Sarja:Contemporanea
Tagit: Lisää tagi
Ei tageja, Lisää ensimmäinen tagi!

MARC

LEADER 00000nam a22000007i 4500
001 IT\ICCU\UBO\4153739
003 ItRI
005 20260115232029.0
008 151012s2015 it |||||| ||||| |||||c
020 |a 9788804655541 
040 |b ita  |c importazione bologna sebina 
041 7 |a ita  |2 ISO-639-2 
082 |a 813.6  |9 Narrativa americana in inglese. 2000-  |2 19 
100 1 |a Gino, Alex  |0 IT\ICCU\UBOV\422802  |4 aut 
240 1 0 |a George.  |3 IT\ICCU\UBO\4153740  |9 Gino, Alex 
245 1 0 |a George /  |c Alex Gino ; traduzione di Matteo Colombo. 
260 |a Milano :  |b Mondadori,  |c 2015 
300 |a 149 p. ;  |c 23 cm 
520 |a George ha un segreto, un segreto tutto suo che non ha ancora svelato a nessuno: anche se gli altri quando lo guardano vedono un bambino, da tempo George sente di essere una bambina, Melissa. Quando a scuola iniziano i preparativi per la recita di fine anno tratta da La tela di Carlotta, George decide di fare il provino per la parte della protagonista, la sua eroina. La maestra, però, pensa si tratti di uno scherzo di cattivo gusto e cosi George si ritrova a lavorare dietro le quinte... ma il giorno dello spettacolo la sua migliore amica Kelly ha un'idea semplice e astuta, che permetterà a George di realizzare il suo sogno e di mostrare a tutti chi è davvero. 
700 1 |a Colombo, Matteo,  |d  (1977- )  |0 IT\ICCU\CFIV\157477  |4 trl 
830 0 |a Contemporanea  |0 IT\ICCU\RAV\0228033 
942 |2 ddc  |c BK  |n 0 
952 |0 0  |1 0  |4 0  |6 R_813_600000000000000_GIN  |7 0  |9 19083  |a BO  |b BO  |d 2026-01-15  |i 18006  |l 0  |o R 813.6 GIN  |p BO18006  |r 2026-01-15 23:20:29  |w 2026-01-15  |x [Sebina 5] [1 v.]  |y BK  |z 1 v. 
999 |c 16227  |d 16227